00973nam a2200217 a 450000100100000000500170001000800410002704000250006808200200009310000400011324500440015326000450019730000280024265000280027065000310029891000370032904900090036695201770037595201860055299900170073800001716920240412074245.0100319s1926 dr a 000 p spa d aDO-SdBNPbspacBNPHU aRD861.42bS211q1 aSánchez Lustrino, Gilberto93780010aQuietud /cGilberto Sánchez Lustrino. a[Santo Domingo] :bCosmopolitana,c1926. a111 p. :bil. ;c24 cm. 0aPoesía dominicana966 0aLiteratura dominicana.967 aValidado. Control de calidad MFF aBNPD 001050718RVaPDbPDcHDd2010-03-19iLF1l0oRD861.42 S211qp17169-10r2020-06-25w2020-06-25y1zPerteneció a personal la biblioteca de Martínez Boog.ZNo se presta 001050718RVaPDbPDcHDd2010-03-19iLF1l0oRD861.42 S211qp17169-20r2020-06-25te. 2w2020-06-25y1zPerteneció a personal la biblioteca de Julio Ortega Frier.ZNo se presta c16695d16695